000 00911nam a2200217Ia 4500
003 GCL
008 140319s9999 xx 000 0 ara d
020 _a6599501977
040 _aGCL /
_cGCL
082 0 4 _aق
_b330.932
_bم ن
100 1 _aمنيرة محمد الهمشرى
245 1 0 _aالنظام الادارى والاقتصادى فى مصر فى عهد دقلديانوس ( 284 - 305 م ) /
_cمنيرة محمد الهمشرى
260 _aالقاهرة :
_bالهيئة المصرية العامة للكتاب ،
_c1999
300 _a213 ص ؛
_c22 سم
490 _aتاريخ المصريين
_v145
650 0 4 _aمصر - تاريخ - العصر القبطى ( 284 - 642 م )
650 0 4 _aمصر - الاحوال الاقتصادية
650 0 4 _aمصر القديمة - تاريخ - العصر اليونانى
650 0 4 _aدقلديانوس ( 284 - 305 م )
942 _2ddc
_cBK
999 _c57392
_d57392